000 00653nam a2200217 a 4500
001 000021297
005 20200930011305.0
008 100903s1996 sp ab r 000 f spa d
020 _a8408016741
040 _aDO-SdBNP
_bspa
_cBNPHU
082 _a863.64
_bS531s
100 1 _aSharon, David
_944506
245 1 0 _aEl síndrome de Caín /
_cSharon David.
260 _aBarcelona, España :
_bPlaneta,
_c1996.
300 _a451, [3] p. :
_bil., mapas ;
_c23 cm.
490 1 _aBestseller mundial
_v241
650 4 _aNovela española
_91123
650 4 _aLiteratura española
_ySIGLO XX
_93326
830 0 _aBestseller mundial ;
_v241
_944507
049 _aBNGR
999 _c20797
_d20797